LIBRARY & INFORMATION CENTRE, KCAET, TAVANUR

ONLINE PUBLIC ACCESS CATALOGUE (OPAC)

Geology for engineers / (Record no. 10332)

MARC details
000 -LEADER
fixed length control field 00422cam a2200169ua 4500
041 ## - LANGUAGE CODE
Language code of text/sound track or separate title eng
082 ## - DEWEY DECIMAL CLASSIFICATION NUMBER
Classification number 551.0162
Item number BLY/GE
100 ## - MAIN ENTRY--AUTHOR NAME
Personal name Blyth, F G H .
245 ## - TITLE STATEMENT
Title Geology for engineers /
260 ## - PUBLICATION, DISTRIBUTION, ETC. (IMPRINT)
Place of publication London :
Name of publisher The English Language book society ,
Year of publication 1961.
300 ## - PHYSICAL DESCRIPTION
Number of Pages 341 ; .
942 ## - ADDED ENTRY ELEMENTS (KOHA)
Koha item type Books
Holdings
Withdrawn status Lost status Damaged status Home library Current library Date acquired Full call number Accession Number Koha item type
      KAUAET KAUAET 07/04/2012 551.0162 BLY/GE 2493 Books
free website counter